La imagen histórica de la Virgen de Guadalupe / (Registro nro. 62490)
[ vista simple ]
| 000 -LEADER | |
|---|---|
| fixed length control field | 00975cam a2200277 i 4500 |
| 001 - CONTROL NUMBER | |
| control field | 62490 |
| 003 - CONTROL NUMBER IDENTIFIER | |
| control field | Mx-PuUPA |
| 005 - DATE AND TIME OF LATEST TRANSACTION | |
| control field | 20230902083155.0 |
| 008 - FIXED-LENGTH DATA ELEMENTS--GENERAL INFORMATION | |
| fixed length control field | 150430s1990 mx a gr 000 0 spa d |
| 020 ## - INTERNATIONAL STANDARD BOOK NUMBER | |
| International Standard Book Number | 9681320557 |
| 040 ## - CATALOGING SOURCE | |
| Transcribing agency | Mx-PuUPA |
| Language of cataloging | spa |
| Description conventions | rda |
| Original cataloging agency | Mx-PuUPA |
| Modifying agency | Mx-PuUPA |
| 041 0# - LANGUAGE CODE | |
| Language code of text/sound track or separate title | spa |
| 100 1# - MAIN ENTRY--PERSONAL NAME | |
| Personal name | Camiro Gutiérrez Zamora, Angel, |
| Relator term | autor |
| 9 (RLIN) | 387 |
| 245 13 - TITLE STATEMENT | |
| Title | La imagen histórica de la Virgen de Guadalupe / |
| Statement of responsibility, etc. | Ángel Camiro Gutiérrez Zamora. |
| 250 ## - EDITION STATEMENT | |
| Edition statement | Primera edición / |
| Remainder of edition statement | octubre |
| 264 #1 - PRODUCTION, PUBLICATION, DISTRIBUTION, MANUFACTURE, AND COPYRIGHT NOTICE | |
| Place of production, publication, distribution, manufacture | México, D.F. : |
| Name of producer, publisher, distributor, manufacturer | Editorial Diana, |
| Date of production, publication, distribution, manufacture, or copyright notice | ©1990 |
| 300 ## - PHYSICAL DESCRIPTION | |
| Extent | 196 páginas : |
| Other physical details | ilustraciones (a color y blanco y negro) ; |
| Dimensions | 24 cm |
| 336 ## - CONTENT TYPE | |
| Content type term | texto |
| Fuente | rdacontent |
| Content type code | txt |
| 337 ## - MEDIA TYPE | |
| Media type term | sin medio |
| Source | rdamedia |
| Media type code | n |
| 338 ## - CARRIER TYPE | |
| Carrier type term | volumen |
| Source | rdacarrier |
| Carrier type code | nc |
| 600 04 - SUBJECT ADDED ENTRY--PERSONAL NAME | |
| Personal name | Virgen de Guadalupe |
| General subdivision | Culto |
| -- | Historia |
| 650 #7 - SUBJECT ADDED ENTRY--TOPICAL TERM | |
| Topical term or geographic name entry element | Iglesia católica |
| Geographic subdivision | México |
| General subdivision | Historia |
| Source of heading or term | armarc |
| 942 ## - ADDED ENTRY ELEMENTS (KOHA) | |
| Source of classification or shelving scheme | Dewey Decimal Classification |
| Koha item type | Libro |
| Classification part | 232.917 |
| Item part | C172 |
| Withdrawn status | Lost status | Source of classification or shelving scheme | Damaged status | Not for loan | Collection code | Home library | Current library | Shelving location | Date acquired | Source of acquisition | Total Checkouts | Full call number | Barcode | Date last seen | Price effective from | Koha item type | Copy number |
|---|---|---|---|---|---|---|---|---|---|---|---|---|---|---|---|---|---|
| Dewey Decimal Classification | General | Centro de Estudios Guadalupanos | Centro de Estudios Guadalupanos | Sala general | 30/04/2015 | Compra | 232.917 C172 1990 | 93828 | 05/01/2026 | 30/04/2015 | Libro | ||||||
| Dewey Decimal Classification | General | Centro de Estudios Guadalupanos | Centro de Estudios Guadalupanos | Sala general | 04/09/2023 | 232.917 C172 1990 | 92835 | 05/01/2026 | 04/09/2023 | Libro | Ej.2 |